ბათუმის შოთა რუსთაველის სახელმწიფო უნივერსიტეტის ბიბლიოთეკა

უმაღლესი მათემატიკის კურსი.ნაწ II. სახელმძღვ. / (ბიბ.ჩანაწერი № 38553)

000 -ლიდერი
ფიქსირებული სიგრძის საკონტროლო ველი 00991nam a2200229Ia 4500
001 - საკონტროლო ნომერი
საკონტროლო ველი 4654
003 - საკონტროლო ნომრის იდენტიფიკატორი
საკონტროლო ველი GE_BSU
005 - ბოლო ოპერაციის თარიღი და დრო
საკონტროლო ველი 20190527164632.0
008 - ფიქსირებული სიგრძის მონაცემთა ელემენტები - ზოგადი ინფორმაცია
ფიქსირებული სიგრძის საკონტროლო ველი 181216s1973||||ge |||||||||||||| ||geo||
040 ## - კატალოგიზაციის წყარო
Transcribing agency GE_BSU
041 ## - ენის კოდი
Language code of text/sound track or separate title geo
080 ## - უნივერსალური ათობითი კლასიფიკაციის ინდექსი
Universal Decimal Classification number 51.1(075.8) რ–97
100 ## - მთავარი ჩანაწერი - პიროვნების სახელი
Personal name რუხაძე,ა.
9 (RLIN) 1549
245 ## - ცნობა სათაურის შესახებ
Title უმაღლესი მათემატიკის კურსი.ნაწ II. სახელმძღვ. /
Statement of responsibility, etc ა. რუხაძე ; რედ : შ. მირცხულავა.
250 ## - გამოცემის ცნობა
Edition statement მე-2 გადამ. და შევს. გამოც.
264 ## - წარმოების, გამოცემის, დისტრიბუციის და სხვა ცნობები
გამოცემის, წარმოების, დისტრიბუციის... ადგილი თბილისი :
გამოცემის, წარმოების, დისტრიბუციის... სახელწოდება განალება,
გამოცემის, წარმოების, დისტრიბუციის... თარიღი 1973.
300 ## - ფიზიკური აღწერა
Extent 650 გვ .:
Dimensions 21 გვ.
653 ## - INDEX TERM--UNCONTROLLED
Uncontrolled term უმაღლესი მათემატიკის სახელმძღვანელო
653 ## - INDEX TERM--UNCONTROLLED
Uncontrolled term მათეამატიკა
700 ## - ADDED ENTRY--PERSONAL NAME
Personal name მირცხულავა, შ
Relator term რედაქტორი
9 (RLIN) 1659
942 ## - ADDED ENTRY ELEMENTS (KOHA)
Koha item type წიგნი
Source of classification or shelving scheme
ეგზემპლარები
ჩამოწერის სტატუსი დაკარგული ეგზემპლარის სტატუსი კლასიფიკაციის წყარო ან თაროზე გაწყობის სქემა დაზიანების სტატუსი არ გაიცემა მუდმივი მდებარეობა (დაცვის ადგილი) ამჟამინდელი ადგილსამყოფელი თაროზე განთავსების ადგილი შეძენის თარიღი ღირებულება, შესყიდვის ნორმალური ფასი სრული შენახვის შიფრი შტრიხკოდი ბოლო ოპერაციის თარიღი ეგზემპლარის მიმდევრობითი ნომერი (კეტერი?) ფასის ძალაში შესვლის თარიღი ეგზემპლარის სახეობა საჯარო შენიშვნა
          ტექნოლოგიური ფაკულტეტის ბიბლიოთეკა ტექნოლოგიური ფაკულტეტის ბიბლიოთეკა წიგნსაცავი 2018-12-17 3.00 51.1(075.8) რ–97 9129 2018-12-17 9129 2018-12-17 წიგნი 3 ლ. 44 თ.
          ტექნოლოგიური ფაკულტეტის ბიბლიოთეკა ტექნოლოგიური ფაკულტეტის ბიბლიოთეკა წიგნსაცავი 2018-12-17 3.00 51.1(075.8) რ–97 9130 2018-12-17 9130 2018-12-17 წიგნი 3 ლ. 44 თ.
          ტექნოლოგიური ფაკულტეტის ბიბლიოთეკა ტექნოლოგიური ფაკულტეტის ბიბლიოთეკა წიგნსაცავი 2018-12-17 3.00 51.1(075.8) რ–97 9131 2018-12-17 9131 2018-12-17 წიგნი 3 ლ. 44 თ.